[Event "EU-ch U10"]
[Site "Prague"]
[Date "2024.08.29"]
[Round "7"]
[White "Buklaho, Ignacy"]
[Black "Malchev, Nikola"]
[Result "1-0"]
[WhiteElo "1813"]
[BlackElo "1561"]
[PlyCount "85"]
[EventDate "2024.08.22"]
[EventType "swiss"]
[EventRounds "9"]
[EventCountry "CZE"]
[SourceTitle "CBM 221 Extra"]
[Source "ChessBase"]
[SourceDate "2024.09.30"]
[SourceVersion "1"]
[SourceVersionDate "2024.09.30"]
[SourceQuality "1"]

1. e4 c6 2. d4 d5 3. Nd2 dxe4 4. Nxe4 Nf6 5. Nxf6+ exf6 6. c3 Bd6 7. Bd3 0-0 8. Ne2 Re8 9. 0-0 Na6 10. Be3 Nc7 11. c4 Ne6 12. Qd2 Qc7 13. h3 Bd7 14. Rac1 Rad8 15. b4 Qb8 16. Rfd1 Nc7 17. a3 b5 18. cxb5 cxb5 19. Nc3 a5 20. Bf4 Bxf4 21. Qxf4 axb4 22. axb4 Ne6 23. Qh4 h6 24. Bf5 Qd6 25. Bxe6 Rxe6 26. d5 Re5 27. Ne4 Qe7 28. d6 Qe8 29. Nc5 Bc6 30. Qf4 Rg5 31. g3 Re5 32. Qd4 Rd5 33. Qf4 Re5 34. Ra1 Qf8 35. d7 Qe7 36. Qd4 Rd5 37. Qxd5 Bxd5 38. Rxd5 Rb8 39. Rad1 Qd8 40. Re1 Qf8 41. Rd4 Kh7 42. Nb7 Rxb7 43. d8Q 1-0

[Event "EU Union-ch U10"]
[Site "Roznov pod Radhostem"]
[Date "2024.08.13"]
[Round "9"]
[White "Doan, Hoang Minh"]
[Black "Malchev, Nikola"]
[Result "0-1"]
[WhiteElo "1813"]
[BlackElo "1561"]
[PlyCount "110"]
[EventDate "2024.08.05"]
[EventType "swiss"]
[EventRounds "9"]
[EventCountry "CZE"]
[SourceTitle "EXT 2025"]
[Source "ChessBase"]
[SourceDate "2024.10.14"]
[SourceVersion "1"]
[SourceVersionDate "2024.10.14"]
[SourceQuality "1"]

1. e4 c6 2. d4 d5 3. Nc3 dxe4 4. Nxe4 Nf6 5. Nxf6+ exf6 6. c3 Bd6 7. Bd3 0-0 8. Qc2 Re8+ 9. Ne2 h5 10. 0-0 Qc7 11. h3 Nd7 12. c4 b6 13. b3 Nf8 14. Bb2 Bd7 15. Rad1 Ne6 16. Bh7+ Kh8 17. Bf5 Ng5 18. h4 Bxf5 19. Qxf5 Rxe2 20. hxg5 Rxb2 21. gxf6 g6 22. Qe4 Qd7 23. d5 c5 24. Rfe1 Qf5 25. Qxf5 gxf5 26. Re6 Rd8 27. Re7 Kh7 28. Rxf7+ Kg6 29. Rxa7 Kxf6 30. Rb7 Rxa2 31. Rxb6 Ke7 32. Re1+ Kd7 33. Rb7+ Bc7 34. Kf1 Rb8 35. Rxb8 Bxb8 36. Re3 f4 37. Rh3 Rb2 38. Rxh5 Rxb3 39. Rh3 Rb2 40. Rh8 Be5 41. Rh7+ Kd8 42. Rh5 Bd4 43. Ke1 Rxf2 44. Rh8+ Bxh8 45. Kxf2 Ke7 46. g3 Bd4+ 47. Kf3 fxg3 48. Kxg3 Kf6 49. Kf4 Be5+ 50. Ke4 Bd6 51. Ke3 Ke5 52. Kd3 Kf4 53. Ke2 Ke4 54. Kf2 Kd4 55. Kf3 Kd3 0-1